Central Library OPAC University of Rajshahi

রাজনীতি ও কূটনীতিকোষ / (Record no. 44062)

MARC details
000 -LEADER
fixed length control field 00962nam a2200241 a 4500
001 - CONTROL NUMBER
control field 44062
003 - CONTROL NUMBER IDENTIFIER
rucl marc code BD-RjUL
005 - DATE AND TIME OF LATEST TRANSACTION
control field 20211209053808.0
008 - FIXED-LENGTH DATA ELEMENTS--GENERAL INFORMATION
fixed length control field 160713s2015 bg ||||| |||| 00| 0 ben d
020 ## - INTERNATIONAL STANDARD BOOK NUMBER
International Standard Book Number 9789848934869
Terms of availability : Tk. 550.00
035 ## - SYSTEM CONTROL NUMBER
System control number (BD-RjUL)44180
040 ## - CATALOGING SOURCE
Original cataloging agency BD-RjUL
Language of cataloging ben
Transcribing agency BD-RjUL
041 ## - LANGUAGE CODE
Language code of text/sound track or separate title ben
082 ## - DEWEY DECIMAL CLASSIFICATION NUMBER
Edition number 23
Classification number 320.31
Author mark and year MAR 2015
100 ## - MAIN ENTRY--PERSONAL NAME
Personal name মাহমুদ, সুলতান
9 (RLIN) 135320
245 10 - TITLE STATEMENT
Title রাজনীতি ও কূটনীতিকোষ /
Statement of responsibility, etc. মাহমুদ, সুলতান , বিবি মরিয়ম
260 ## - PUBLICATION, DISTRIBUTION, ETC. (IMPRINT)
Place of publication, distribution, etc. ঢাকা :
Name of publisher, distributor, etc. আলেয়া বুক ডিপো,
Date of publication, distribution, etc. ২০১৫
300 ## - PHYSICAL DESCRIPTION
Pagination ৬০০ পৃ. ;
Size ২২ সেমি.
650 ## - SUBJECT ADDED ENTRY--TOPICAL TERM
Topical term or geographic name as entry element রাস্ট্র বিজ্ঞান
Form subdivision অভিধান
9 (RLIN) 135321
Topical term or geographic name as entry element Political Sciences
Form subdivision Dictionaries
9 (RLIN) 135322
700 ## - ADDED ENTRY--PERSONAL NAME
Personal name মরিয়ম, বিবি , যুগ্ম লেখক
942 ## - ADDED ENTRY ELEMENTS (KOHA)
Source of classification or shelving scheme Dewey Decimal Classification
Koha item type Reference
Holdings
Lost status Source of classification or shelving scheme Damaged status Not for loan Collection code Permanent Location Current Location Shelving location Date acquired Source of acquisition Cost, normal purchase price Total Checkouts Full call number Date last seen Copy number Koha item type
  Dewey Decimal Classification   Not For Loan Reference Central Library, University of Rajshahi Central Library, University of Rajshahi   27/04/2015 Dhaka, Alea Book Depo 550.00   BR 320.31 MAR 2015 13/07/2016 C-1 Reference
  Dewey Decimal Classification   Not For Loan Reference Central Library, University of Rajshahi Central Library, University of Rajshahi   27/04/2015 Dhaka, Alea Book Depo 550.00   BR 320.31 MAR 2015 13/07/2016 C-2 Reference
  Dewey Decimal Classification   Not For Loan Reference Central Library, University of Rajshahi Central Library, University of Rajshahi   27/04/2015 Dhaka, Alea Book Depo 550.00   BR 320.31 MAR 2015 13/07/2016 C-3 Reference
  Dewey Decimal Classification   Not For Loan Reference Central Library, University of Rajshahi Central Library, University of Rajshahi   27/04/2015 Dhaka, Alea Book Depo 550.00   BR 320.31 MAR 2015 13/07/2016 C-4 Reference
  Dewey Decimal Classification   Not For Loan Reference Central Library, University of Rajshahi Central Library, University of Rajshahi   27/04/2015 Dhaka, Alea Book Depo 550.00   BR 320.31 MAR 2015 13/07/2016 C-5 Reference